Т. 1 : Теория статистики; Статистика

التفاصيل البيبلوغرافية
Parent link:Статистика: учебник и практикум для академического бакалавриата/ Н. И. Малых; Российская академия народного хозяйства и государственной службы при Президенте Российской Федерации (РАНХиГС) ; Всероссийская академия внешней торговли (ВАВТ). Т. 1 : Теория статистики.— , 2016
الملخص:Статистика — одна из важных дисциплин в учебном плане экономических вузов, так как статистическая грамотность — неотъемлемая составляющая экономического образования. Чтобы быть конкурентоспособным на рынке труда, сегодня необходимо владеть современным статистическим инструментарием анализа экономической информации. Данная книга представляет собой первый том учебника по курсу «Статистика». Книга охватывает важнейшие вопросы общей теории статистики, методологические основы статистического исследования.Курс теории статистики поможет овладеть основными положениями современной статистики, усвоить применение статистических методов, а также научит отбирать необходимые методы и источники статистической информации в целях повышения эффективности принятия управленческих решений
اللغة:الروسية
منشور في: 2016
الموضوعات:
التنسيق: MixedMaterials كتاب
KOHA link:https://koha.lib.tpu.ru/cgi-bin/koha/opac-detail.pl?biblionumber=316718

MARC

LEADER 00000nam2a2200000 4500
001 316718
005 20231102002913.0
010 |a 9785991661744 
035 |a (RuTPU)RU\TPU\book\342186 
090 |a 316718 
100 |a 20160328d2016 m y0rusy50 ca 
101 0 |a rus 
102 |a RU 
105 |a a j 001zy 
200 0 |a Т. 1 : Теория статистики 
210 |d 2016 
215 |a 275 с.  |c ил. 
320 |a Библиогр.: с. 270-271 
330 |a Статистика — одна из важных дисциплин в учебном плане экономических вузов, так как статистическая грамотность — неотъемлемая составляющая экономического образования. Чтобы быть конкурентоспособным на рынке труда, сегодня необходимо владеть современным статистическим инструментарием анализа экономической информации. Данная книга представляет собой первый том учебника по курсу «Статистика». Книга охватывает важнейшие вопросы общей теории статистики, методологические основы статистического исследования.Курс теории статистики поможет овладеть основными положениями современной статистики, усвоить применение статистических методов, а также научит отбирать необходимые методы и источники статистической информации в целях повышения эффективности принятия управленческих решений 
461 1 |0 (RuTPU)RU\TPU\book\320284  |t Статистика  |o учебник и практикум для академического бакалавриата  |o в 2 т.  |f Н. И. Малых  |g Российская академия народного хозяйства и государственной службы при Президенте Российской Федерации (РАНХиГС) ; Всероссийская академия внешней торговли (ВАВТ)  |v Т. 1 : Теория статистики  |d 2016  |s Бакалавр. Академический курс 
606 1 |a Статистика  |x Теория  |2 stltpush  |3 (RuTPU)RU\TPU\subj\37958  |9 58708 
610 1 |a статистические наблюдения 
610 1 |a статистическая сводка 
610 1 |a статистическая группировка 
610 1 |a статистические данные 
610 1 |a статистический анализ 
610 1 |a средние величины 
610 1 |a вариации 
610 1 |a коммерческая деятельность 
610 1 |a динамические ряды 
610 1 |a выборочное наблюдение 
610 1 |a индексный метод 
610 1 |a социально-экономические явления 
610 1 |a прогнозирование 
610 1 |a практикумы 
610 1 |a тесты 
610 1 |a учебные пособия 
686 |a С60я73  |v LBC/SL-A  |2 rubbk 
801 1 |a RU  |b 63413507  |c 20160328 
801 2 |a RU  |b 63413507  |c 20160607  |g RCR 
900 |a Теория статистики 
942 |c BK 
951 |l 8.1 
959 |a 27/20160302  |d 1  |e 619,00  |f ЧЗГЛ:1